000 00687cam a22002055a 4500
001 L150102
008 00602 s2010 xxk f 000 0 eng d
035 _a(Sirsi) u150102
041 0 _aeng
100 1 _aKent, Douglas
245 0 0 _aTechnical Q and A
_btimber floor structures
260 _c2010
490 0 _aCornerstone
_v31(2) 2010, 50(1)
520 _aProblems with old timber floor structures; remedies; repairing or replacing; strengthening.
590 _aKA
651 4 _aUnited Kingdom
_y
690 _aBUILT ENVIRONMENT-BUILDING MAINTENANCE AND REFURBISHMENT-BUILDING CONSERVATION
690 _aBUILT ENVIRONMENT-BUILDING MATERIALS-TIMBER-TIMBER AND WOOD
942 _n0
999 _c82397
_d82397